| 000 | 00800cam a2200253 i 4500 | ||
|---|---|---|---|
| 001 | 866777 | ||
| 003 | ARRUPE | ||
| 005 | 20150416120527.0 | ||
| 008 | 791220s1979 nyu b 000 0 eng | ||
| 010 | _a 79089475 | ||
| 020 |
_a0809122537 : _c$3.95 |
||
| 040 |
_aDLC _cDLC _dDLC |
||
| 050 | 1 | 0 |
_aBX2250 _b.H33 |
| 082 | 0 | 0 | _a248.4 |
| 100 | 1 |
_aHart, Thomas N. _917168 |
|
| 245 | 1 | 0 |
_aLiving happily ever after : _btoward a theology of Christian marriage / _cThomas N. Hart. |
| 260 |
_aNew York : _bPaulist Press, _cc1979. |
||
| 300 |
_aiii, 91 p. ; _c20 cm. |
||
| 490 | 0 | _aAn Exploration book | |
| 504 | _aIncludes bibliographical references. | ||
| 650 | 0 |
_aMarriage _xReligious aspects _xCatholic Church. _917169 |
|
| 906 |
_a7 _bcbc _corignew _d2 _eopcn _f19 _gy-gencatlg |
||
| 942 |
_2lcc _cMONOGRAPH |
||
| 999 |
_c122659 _d122659 |
||